000 00277nam a22001337a 4500
008 181226b xxu||||| |||| 00| 0 eng d
020 _a06131580
041 _aeng
080 _a316
100 _a50
101 _aSOC
245 _aRationality
_cWilson, B.R
942 _2udc
_cBK
999 _c53803
_d53803